Presencia del estilo mezcala en el templo mayor (Record no. 10768)

MARC details
000 -CABECERA
campo de control de longitud fija 00841nam a2200241 a 4500
001 - NÚMERO DE CONTROL
campo de control BRL_1961
005 - FECHA Y HORA DE LA ÚLTIMA TRANSACCIÓN
campo de control 20190320211443.0
008 - DATOS DE LONGITUD FIJA--INFORMACIÓN GENERAL
campo de control de longitud fija 211216s1986----mx-ao#####---#000-0#spa-#
041 ## - CÓDIGO DE LENGUA
Código de lengua del texto/banda sonora o título independiente spa
050 #4 - SIGNATURA TOPOGRÁFICA DE LA BIBLIOTECA DEL CONGRESO
Número de documento/Ítem O46 1986
100 1# - ENTRADA PRINCIPAL--NOMBRE DE PERSONA
Nombre de persona Olmedo Vera, Bertina
9 (RLIN) 28321
245 10 - MENCIÓN DE TÍTULO
Título Presencia del estilo mezcala en el templo mayor
Resto del título una clasificación de piezas antropomorfas.
260 ## - PUBLICACIÓN, DISTRIBUCIÓN, ETC.
Lugar de publicación, distribución, etc. México, D.F.
Fecha de publicación, distribución, etc. 1986
300 ## - DESCRIPCIÓN FÍSICA
Extensión 282 p.
Otras características físicas il., fotografías
Dimensiones 24 cm.
500 ## - NOTA GENERAL
Nota general Au589
502 ## - NOTA DE TESIS
Nota de tesis Tesis Licenciatura (Licenciatura en Arqueología) ENAH, INAH, SEP
610 24 - PUNTO DE ACCESO ADICIONAL DE MATERIA--NOMBRE DE ENTIDAD CORPORATIVA
Nombre de entidad corporativa o nombre de jurisdicción como elemento de entrada Templo Mayor (México: Ciudad)
9 (RLIN) 28322
650 14 - PUNTO DE ACCESO ADICIONAL DE MATERIA--TÉRMINO DE MATERIA
Término de materia o nombre geográfico como elemento de entrada Figuras antropomorfas - simbolismo
Subdivisión cronológica Preclásico tardía
9 (RLIN) 28323
650 14 - PUNTO DE ACCESO ADICIONAL DE MATERIA--TÉRMINO DE MATERIA
Término de materia o nombre geográfico como elemento de entrada Excavaciones (Arqueología)- Mezcala
9 (RLIN) 28324
700 1# - PUNTO DE ACCESO ADICIONAL--NOMBRE DE PERSONA
Nombre de persona Gonzalez, Carlos Javier
Término indicativo de función/relación Coautor
9 (RLIN) 28325
902 ## - CATALOGADOR
Iniciales TERL
942 ## - ELEMENTOS DE PUNTO DE ACCESO ADICIONAL (KOHA)
Fuente del sistema de clasificación o colocación Library of Congress Classification
Tipo de ítem Koha Tesis
Holdings
Estado de retiro Estado de pérdida Estado dañado No para préstamo Localización permanente Ubicación/localización actual Fecha de adquisición Número de inventario Total de préstamos Signatura topográfica completa Código de barras Fecha visto por última vez Precio válido a partir de Tipo de ítem Koha
El ejemplar forma parte de la colección y puede ser consultado según las políticas vigentes.       Biblioteca Centro de Estudios Ruth D. Lechuga Biblioteca Centro de Estudios Ruth D. Lechuga 21/12/2016 Au589   O46 1986 (Au589) TERL00010 22/03/2019 22/03/2019 Tesis